[Event "Krakow op-B 23rd"]
[Site "Krakow"]
[Date "2013.01.02"]
[Round "7"]
[White "Rzeznik, Lukasz"]
[Black "Janik, Andrzej"]
[Result "1/2-1/2"]
[WhiteElo "1989"]
[BlackElo "1877"]
[PlyCount "44"]
[EventDate "2012.12.27"]
[EventType "swiss"]
[EventRounds "9"]
[EventCountry "POL"]
[SourceTitle "CBM 152 Extra"]
[Source "ChessBase"]
[SourceDate "2013.02.25"]
[SourceVersion "1"]
[SourceVersionDate "2013.02.25"]
[SourceQuality "1"]

1. e4 g6 2. d4 Bg7 3. Nf3 c5 4. dxc5 Qa5+ 5. c3 Qxc5 6. Be3 Qc7 7. Nbd2 Nf6 8. Bd3 Nc6 9. 0-0 d5 10. h3 dxe4 11. Nxe4 0-0 12. Nxf6+ Bxf6 13. Qc2 Ne5 14. Nxe5 Qxe5 15. Rad1 Be6 16. Bd4 Qg5 17. Bxf6 exf6 18. Kh1 f5 19. f4 Qf6 20. Be2 Rad8 21. Kh2 Qe7 22. Bf3 Qc7 1/2-1/2

[Event "Krakow op-B 23rd"]
[Site "Krakow"]
[Date "2012.12.29"]
[Round "3"]
[White "Carbonaro, Davide"]
[Black "Janik, Andrzej"]
[Result "0-1"]
[WhiteElo "1608"]
[BlackElo "1877"]
[PlyCount "68"]
[EventDate "2012.12.27"]
[EventType "swiss"]
[EventRounds "9"]
[EventCountry "POL"]
[SourceTitle "CBM 152 Extra"]
[Source "ChessBase"]
[SourceDate "2013.02.25"]
[SourceVersion "1"]
[SourceVersionDate "2013.02.25"]
[SourceQuality "1"]

1. e4 e5 2. Nf3 Nc6 3. Bb5 a6 4. Bxc6 dxc6 5. 0-0 f6 6. d4 exd4 7. Qxd4 Qxd4 8. Nxd4 c5 9. Nb3 Bd7 10. Be3 b6 11. Nc3 Bd6 12. a4 Ne7 13. f4 0-0-0 14. h3 Kb7 15. Rfe1 Nc6 16. Nd5 Rhe8 17. Nd2 Nd4 18. Bxd4 cxd4 19. Nc4 Bc6 20. Nxd6+ Rxd6 21. c4 dxc3 22. Nxc3 Rd2 23. Rab1 f5 24. e5 Rxg2+ 25. Kf1 Rg3 26. e6 Rf3+ 27. Kg1 Rxf4 28. Re5 Bxa4 29. Nxa4 Rxa4 30. Rd1 Re4 31. Rxf5 R8xe6 32. Rf7 Re7 33. Rd7 Rxd7 34. Rxd7 Rh4 0-1

[Event "Krakow op-B 23rd"]
[Site "Krakow"]
[Date "2012.12.27"]
[Round "1"]
[White "Ujma, Czeslaw"]
[Black "Janik, Andrzej"]
[Result "0-1"]
[WhiteElo "1510"]
[BlackElo "1877"]
[PlyCount "36"]
[EventDate "2012.12.27"]
[EventType "swiss"]
[EventRounds "9"]
[EventCountry "POL"]
[SourceTitle "CBM 152 Extra"]
[Source "ChessBase"]
[SourceDate "2013.02.25"]
[SourceVersion "1"]
[SourceVersionDate "2013.02.25"]
[SourceQuality "1"]

1. e4 e5 2. f4 exf4 3. Nf3 d6 4. Bc4 h6 5. 0-0 g5 6. d4 Bg7 7. c3 Nf6 8. e5 Ng4 9. Qb3 0-0 10. h3 Ne3 11. Bxe3 fxe3 12. Na3 Nc6 13. Bxf7+ Rxf7 14. Nxg5 Qxg5 15. Qxf7+ Kh7 16. Qf3 dxe5 17. Qe4+ Qg6 18. Qxe3 exd4 0-1

[Event "Krakow op-A 22nd"]
[Site "Krakow"]
[Date "2012.01.02"]
[Round "7"]
[White "Kumor, Lukasz"]
[Black "Janik, Andrzej"]
[Result "1/2-1/2"]
[WhiteElo "2141"]
[BlackElo "1920"]
[PlyCount "70"]
[EventDate "2011.12.27"]
[EventType "swiss"]
[EventRounds "9"]
[EventCountry "POL"]
[SourceTitle "CBM 146 Extra"]
[Source "ChessBase"]
[SourceDate "2012.02.29"]
[SourceVersion "1"]
[SourceVersionDate "2012.02.29"]
[SourceQuality "1"]

1. e4 d5 2. exd5 Qxd5 3. Nc3 Qd6 4. Bc4 Nf6 5. d4 a6 6. h3 g6 7. Nf3 Bg7 8. Ne5 0-0 9. 0-0 c5 10. Be3 cxd4 11. Bxd4 Nc6 12. Nxc6 Qxc6 13. Qe2 e6 14. Bd3 Bd7 15. Rad1 Rad8 16. Rd2 Qc8 17. Bb6 Rde8 18. Bc4 Kh8 19. Rfd1 Bc6 20. Rd6 Nd7 21. Bd4 Nf6 22. Be5 Rd8 23. Qe3 Rxd6 24. Rxd6 Rd8 25. Rxd8+ Qxd8 26. Qg5 Qe7 27. g3 h6 28. Qf4 Kh7 29. Bd3 Nd5 30. Nxd5 exd5 31. Bd4 Bxd4 32. Qxd4 f6 33. h4 h5 34. Kf1 Kg7 35. c3 Qe6 1/2-1/2

[Event "POL-ch Teachers"]
[Site "Krakow"]
[Date "2012.??.??"]
[Round "8"]
[White "Janik, Andrzej"]
[Black "Berek, Michal"]
[Result "1/2-1/2"]
[WhiteElo "1903"]
[BlackElo "1579"]
[PlyCount "50"]
[EventDate "2012.??.??"]
[EventType "swiss"]
[EventRounds "9"]
[EventCountry "POL"]
[SourceTitle "EXT 2014"]
[Source "ChessBase"]
[SourceDate "2013.11.20"]
[SourceVersion "1"]
[SourceVersionDate "2013.11.20"]
[SourceQuality "1"]

1. c4 Nf6 2. Nc3 g6 3. e4 d6 4. g3 Bg7 5. Bg2 0-0 6. Nge2 c6 7. 0-0 Ne8 8. d3 f5 9. f4 e5 10. Be3 Nf6 11. Kh1 Be6 12. exf5 Bxf5 13. fxe5 dxe5 14. d4 exd4 15. Nxd4 Bg4 16. Qb3 Qd7 17. Nf3 Re8 18. Rad1 Qe7 19. Bg5 Na6 20. Rfe1 Qc7 21. c5+ Kh8 22. Qc4 Bxf3 23. Bxf3 Rxe1+ 24. Rxe1 Rf8 25. Be3 Qe5 1/2-1/2

[Event "POL-ch Teachers"]
[Site "Krakow"]
[Date "2012.??.??"]
[Round "5"]
[White "Janik, Andrzej"]
[Black "Probola, Ryszard"]
[Result "1/2-1/2"]
[WhiteElo "1903"]
[BlackElo "2172"]
[PlyCount "83"]
[EventDate "2012.??.??"]
[EventType "swiss"]
[EventRounds "9"]
[EventCountry "POL"]
[SourceTitle "EXT 2014"]
[Source "ChessBase"]
[SourceDate "2013.11.20"]
[SourceVersion "1"]
[SourceVersionDate "2013.11.20"]
[SourceQuality "1"]

1. c4 e5 2. Nc3 Nc6 3. g3 g6 4. Bg2 Bg7 5. d3 d6 6. Nf3 f5 7. Bg5 Nf6 8. Nd5 h6 9. Bxf6 Bxf6 10. Nxf6+ Qxf6 11. Qd2 Bd7 12. e3 0-0 13. d4 e4 14. Ng1 Rae8 15. Ne2 Ne7 16. Qa5 Nc6 17. Qd2 Bc8 18. h4 Ne7 19. Nc3 c6 20. Bf1 Kg7 21. 0-0-0 Ng8 22. b4 Qd8 23. Qb2 Nf6 24. Be2 Be6 25. d5 Bg8 26. dxc6 bxc6 27. Rd2 Rf7 28. Rhd1 Rd7 29. Rd4 Qb8 30. b5 cxb5 31. cxb5 Rc8 32. Kd2 Rdc7 33. Rc1 Rc5 34. Rb4 Kh7 35. b6 a5 36. Rb5 Nd7 37. Rxc5 Nxc5 38. Qb5 Qb7 39. Qxa5 Ra8 40. Qb4 Bxa2 41. Nxa2 Rxa2+ 42. Ke1 1/2-1/2

[Event "POL-ch Teachers"]
[Site "Krakow"]
[Date "2008.05.25"]
[Round "8.14"]
[White "Szydlowski, Wiktor"]
[Black "Janik, Andrzej"]
[Result "0-1"]
[WhiteElo "1889"]
[BlackElo "2002"]
[PlyCount "120"]
[EventDate "2008.05.22"]
[EventType "swiss"]
[EventRounds "9"]
[EventCountry "POL"]
[SourceTitle "EXT 2023"]
[Source "ChessBase"]
[SourceDate "2022.10.05"]
[SourceVersion "1"]
[SourceVersionDate "2022.10.05"]
[SourceQuality "1"]

1. e4 d6 2. d4 g6 3. Nf3 Bg7 4. Bc4 Nf6 5. Nc3 0-0 6. 0-0 c6 7. a3 b5 8. Bd3 Nbd7 9. Ne2 Nb6 10. c3 a5 11. Ng3 a4 12. e5 Nfd5 13. exd6 exd6 14. Bg5 Qc7 15. Qc2 Be6 16. h3 h6 17. Bc1 f5 18. Nh4 Bf7 19. f4 Rae8 20. Bd2 Ne3 21. Bxe3 Rxe3 22. Rf3 Rfe8 23. Qd2 R3e7 24. Rff1 Nc4 25. Bxc4 bxc4 26. Rae1 Rxe1 27. Rxe1 Rxe1+ 28. Qxe1 c5 29. dxc5 Qxc5+ 30. Qf2 Qd5 31. Nf3 Bf6 32. Qd2 Qc5+ 33. Qf2 Qa5 34. Qd2 Bd5 35. Nd4 Qa8 36. Qf2 h5 37. Nge2 Qb7 38. Ng3 h4 39. Nf1 Be4 40. Qd2 Bd3 41. Nf3 Bd8 42. Kf2 Bb6+ 43. Nd4 Kf7 44. Ne3 Qe4 45. Ne2 Bxe2 46. Kxe2 Bxe3 47. Qxe3 Qxg2+ 48. Kd1 Qxb2 49. Qd4 Qxa3 50. Qxc4+ Kg7 51. Qd4+ Kf7 52. Qd5+ Ke7 53. Qb7+ Ke6 54. Qg7 Qc5 55. Qxg6+ Kd7 56. Qf7+ Kc6 57. Qe8+ Kd5 58. Qxa4 Qxc3 59. Qa8+ Kd4 60. Qa4+ Ke3 0-1

[Event "POL-ch Teachers"]
[Site "Krakow"]
[Date "2008.05.23"]
[Round "5.11"]
[White "Janik, Andrzej"]
[Black "Golabiewski, Adam"]
[Result "0-1"]
[WhiteElo "2002"]
[BlackElo "1795"]
[PlyCount "146"]
[EventDate "2008.05.22"]
[EventType "swiss"]
[EventRounds "9"]
[EventCountry "POL"]
[SourceTitle "EXT 2023"]
[Source "ChessBase"]
[SourceDate "2022.10.05"]
[SourceVersion "1"]
[SourceVersionDate "2022.10.05"]
[SourceQuality "1"]

1. Nf3 d5 2. g3 c6 3. b3 Nf6 4. Bb2 Bf5 5. Bg2 e6 6. d3 Be7 7. Nbd2 h6 8. 0-0 0-0 9. Re1 Nbd7 10. e4 dxe4 11. dxe4 Bg4 12. Qe2 Qc7 13. e5 Nh7 14. h4 Rfd8 15. Rad1 Nhf8 16. Nc4 Ng6 17. Rd4 h5 18. Rxg4 hxg4 19. Ng5 Nb6 20. Qxg4 Bxg5 21. Qxg5 Nxc4 22. bxc4 Qe7 23. Qg4 Qb4 24. Rb1 Rd2 25. Be4 Qb6 26. c5 Qxc5 27. Rf1 Qb4 28. h5 Qxb2 29. hxg6 Qxe5 30. Qh4 fxg6 31. Bxg6 Rad8 32. Qh7+ Kf8 33. Bd3 c5 34. Qh8+ Ke7 35. Qh4+ Qf6 36. Qe4 Rd7 37. Qe3 Qc3 38. Re1 c4 39. Qxe6+ Kd8 40. Bxc4 Qf6 41. Qe3 Qd4 42. Bd3 Qxe3 43. Rxe3 Rd1+ 44. Kg2 Ra1 45. a4 Re7 46. Be4 Rxa4 47. f3 Rd4 48. Kh3 b5 49. Kg4 Kc7 50. Kf5 Kb6 51. Rc3 Rc4 52. Rd3 Kc5 53. Ra3 Kb6 54. Bd3 Rc5+ 55. Kg4 a5 56. f4 b4 57. Ra1 Rc3 58. Kg5 Ra3 59. Rh1 Kc5 60. g4 b3 61. cxb3 Rxb3 62. Bh7 a4 63. f5 Rf3 64. Bg8 a3 65. Rc1+ Kb4 66. Rc4+ Kb5 67. Rc8 Ra7 68. Rc2 Kb4 69. Kg6 Rc3 70. Re2 Rc6+ 71. Be6 a2 72. Rxa2 Rxa2 73. Kxg7 Rg2 0-1